Apartheid quiz - Statistics

General Stats
  • This quiz has been taken 8 times
  • The average score is 9 of 12
Answer Stats
Hint Answer % Correct
the year when Mandela got elected as president 1994
100%
name of the language that evolved from Dutch, German and french afrikaans
100%
Name of the Dutch settlers boers
100%
Imprisoned for 27 years mandela
100%
ANC is short for african national congress
83%
Island with the same name as a dutch football player robben island
83%
year when apartheid started 1948
67%
Last president of apartheid F.W de Klerk
67%
Mandelas township Soweto
67%
Law that forced South Africans to carry a form of identification pass laws
50%
Tragic event on 21. March 1960 sharpeville massacre
50%
mandelas first wife evelyn ntoko
17%
No matching quizzes found
Score Distribution
Percent of People with Each Score
Percentile by Number Answered
Your Score History
You have not taken this quiz